Faculty of Law Library — Cairo University

Official Online Catalog

المبادئ العامة للقانون الإداري. (Record no. 42397)

MARC details
000 -LEADER
fixed length control field 01497nam a2200337 i 4500
003 - CONTROL NUMBER IDENTIFIER
control field EG-GICUC
005 - DATE AND TIME OF LATEST TRANSACTION
control field 20260121101207.0
008 - FIXED-LENGTH DATA ELEMENTS--GENERAL INFORMATION
fixed length control field 251110s2004 ua ||||fr|||| 00| 0 ara d
017 ## - COPYRIGHT OR LEGAL DEPOSIT NUMBER
Copyright or legal deposit number 2004/3751
020 ## - INTERNATIONAL STANDARD BOOK NUMBER
International Standard Book Number 9770444219
040 ## - CATALOGING SOURCE
Original cataloging agency EG-GICUC
Language of cataloging ara
Transcribing agency EG-GICUC
Modifying agency EG-GICUC
Description conventions rda
041 1# - LANGUAGE CODE
Language code of text/sound track or separate title ara
082 04 - DEWEY DECIMAL CLASSIFICATION NUMBER
Edition number 21
Classification number 345
Item number ج و . م
092 04 - LOCALLY ASSIGNED DEWEY CALL NUMBER (OCLC)
Edition number 21
099 ## - LOCAL FREE-TEXT CALL NUMBER (OCLC)
Classification number Law1 07 345 ج و . م 4 ed - 2004
100 0# - MAIN ENTRY--PERSONAL NAME
Personal name چورجی شفیق ساري
Relator term مؤلف.
245 12 - TITLE STATEMENT
Title المبادئ العامة للقانون الإداري.
Number of part/section of a work الكتاب الأول والثاني /
Statement of responsibility, etc. دكتور چورجی شفیق ساري.
250 ## - EDITION STATEMENT
Edition statement الطبعة الرابعة
264 #1 - PRODUCTION, PUBLICATION, DISTRIBUTION, MANUFACTURE, AND COPYRIGHT NOTICE
Place of production, publication, distribution, manufacture القاهرة :
Name of producer, publisher, distributor, manufacturer دار النهضة العربية،
Date of production, publication, distribution, manufacture, or copyright notice 2004.
300 ## - PHYSICAL DESCRIPTION
Extent 1394 ؛صفحة
Dimensions 24 سم.
336 ## - CONTENT TYPE
Source rda content
Content type term text
337 ## - MEDIA TYPE
Source rda media
Media type term Computer
338 ## - CARRIER TYPE
Source rda carrier
Carrier type term Online Resource
504 ## - BIBLIOGRAPHY, ETC. NOTE
Bibliography, etc. note يشتمل على إرجاعات ببليوغرافية.
505 ## - FORMATTED CONTENTS NOTE
Formatted contents note التعريف بالقانون الإداري و المبادئ العامة للتنظيم الإدارى للدولة _ القواعد القانونية للنشاط الإداري للدولة<br/>المظاهر - الوسائل - الرقابة<br/>
546 ## - LANGUAGE NOTE
Language note النص أغلبه باللغة العربية مع بعض النصوص الفرنسية
650 14 - SUBJECT ADDED ENTRY--TOPICAL TERM
Topical term or geographic name entry element القانون الإداري
856 40 - ELECTRONIC LOCATION AND ACCESS
Uniform Resource Identifier <a href="https://fll.law.cu.edu.eg/fulltext/bks/B07-00503.pdf">https://fll.law.cu.edu.eg/fulltext/bks/B07-00503.pdf</a>
905 ## - Cataloger and Reviser Names
Cataloger Name: Sara El-Gendy
942 ## - ADDED ENTRY ELEMENTS (KOHA)
Source of classification or shelving scheme Dewey Decimal Classification
Koha item type Books
Edition 21
Suppress in OPAC No
Holdings
Withdrawn status Lost status Source of classification or shelving scheme Materials specified (bound volume or other part) Damaged status Not for loan Collection Home library Current library Date acquired Total checkouts Full call number Barcode Date last seen Copy number Price effective from Koha item type
    Dewey Decimal Classification 1V   Not for loan القانون الإداري جــــامعة القــاهرة مكتبة كلية الحقوق - المبنى الرئيسي 10.11.2025   Law1 07 345 ج و . م 4 ed - 2004 0700503 1V, C1 B07-00503 10.11.2025 1 10.11.2025 Books
    Dewey Decimal Classification 1V     القانون الإداري جــــامعة القــاهرة مكتبة كلية الحقوق - المبنى الرئيسي 10.11.2025   Law1 07 345 ج و . م 4 ed - 2004 0700504 1V, C2 B07-00504 10.11.2025 2 10.11.2025 Books

© All rights reserved — Faculty of Law, Cairo University

Implemented and Customized by: Eng. M. Mohamady